| 000 | 00414 a2200157 4500 | ||
|---|---|---|---|
| 999 |
_c879 _d879 |
||
| 020 | _a0702016802 | ||
| 050 | _aRA427.8 NAI 1994 | ||
| 100 | _aNaidoo, Jennie | ||
| 245 |
_aHealth promotion _bfoundations for practice _cJennie Naidoo |
||
| 264 |
_aLondon _bBailliere _c1994 |
||
| 300 | _a304p. | ||
| 500 | _aHealth | ||
| 650 | _aHealth Promotion | ||
| 700 | _aWills, Jane | ||
| 942 |
_2olc _cBK _h427.8 _iNAI _k1994 |
||